00430nam a2200193Ia 4500003000900000008004100009040001300050040001300063041000800076100001800084245004000102250001100142260001600153260000900169300001100178300001000189490002700199490001000226IT-RoPAU120407s9999 xx 000 0 und d aIT-RoPAU cIT-RoPAU aita aBrian M. Foss aI nuovi orizzonti della psicologia. aTorino aBoringhieri c1973 a427 p. c19 cm aUniversale Scientifica v13031